| 000 | 00485nam a22001697a 4500 | ||
|---|---|---|---|
| 003 | CEME | ||
| 005 | 20210628202055.0 | ||
| 008 | 210113b xxu||||| |||| 00| 0 eng d | ||
| 040 | _c. | ||
| 082 | _a621 JAI | ||
| 100 |
_aJain, R.K _958156 |
||
| 245 | _aMechanical engineering, conventional and objective type questions and answers | ||
| 260 |
_aINDIA _bKHANNA PUBLISHERS _c2014 |
||
| 300 | _aXV, 1251P | ||
| 650 |
_aMECHANICAL ENGINEERING - OBJECTIVE TYPE _958157 |
||
| 942 |
_cBK _2ddc |
||
| 999 |
_c568368 _d568368 |
||